| 000 | 00687nam a22001937a 4500 | ||
|---|---|---|---|
| 999 |
_c190889 _d190889 |
||
| 005 | 20220810103346.0 | ||
| 010 | _aUR-11664 | ||
| 020 |
_a9789392496561 _c94.00 |
||
| 035 | _aU-10219 | ||
| 037 |
_bDBAD/PUB _a- |
||
| 082 | _a921 | ||
| 100 | _aطلعت انجم فخر | ||
| 245 |
_aعہد حاضر کا نباض ڈاکٹر عشرت بیتاب / _cطلعت انجم فخر _hا ر د و |
||
| 246 |
_aAhd-E-Haazir ka Nabbaz Dr. Ishrat Betab / _bby Talat Anjum Fakhr |
||
| 260 |
_aNew Delhi _bEducational Publishing House _c2021 ء |
||
| 270 |
_aH.O.D1/16, Ansari Road, Darya Ganj _bNew Delhi _e110002 |
||
| 300 |
_a143 ص _c23cm(Hb) |
||
| 942 |
_2ddc _cUR _h921 _mط ل ع |
||